000 03955nam a22005535i 4500
001 978-3-319-45343-9
003 DE-He213
005 20210118123308.0
007 cr nn 008mamaa
008 170109s2017 gw | s |||| 0|eng d
020 _a9783319453439
_9978-3-319-45343-9
024 7 _a10.1007/978-3-319-45343-9
_2doi
050 4 _aRF51-52
072 7 _aMN
_2bicssc
072 7 _aMED085000
_2bisacsh
072 7 _aMN
_2thema
072 7 _aMJP
_2thema
082 0 4 _a617.5
_223
245 1 0 _aJuvenile Angiofibroma
_h[electronic resource] /
_cedited by Siba P. Dubey, Bernhard Schick.
250 _a1st ed. 2017.
264 1 _aCham :
_bSpringer International Publishing :
_bImprint: Springer,
_c2017.
300 _aXIII, 299 p. 120 illus., 47 illus. in color.
_bonline resource.
336 _atext
_btxt
_2rdacontent
337 _acomputer
_bc
_2rdamedia
338 _aonline resource
_bcr
_2rdacarrier
347 _atext file
_bPDF
_2rda
505 0 _aPart I History, Anatomy and Tumor Biology -- Historical Background -- Surgical Anatomy of the Skull Base -- Pathologic and Electron Microscopic Features -- Recent Concept of Etiology -- Part II Clinical and Radiological Diagnosis -- Clinical Presentation -- Juvenile Angiofibroma and the Eye -- Radiological Diagnosis -- Staging Systems and their Use -- Part III Management -- Pre- and Intraoperative Embolization -- Anesthesia and Management of Intraoperative Bleeding -- Endoscopic Surgery -- Endoscopic Excision of Advanced with Skull Base Involvement -- Excision by Midfacial Degloving Approach -- Excision by Modified Transpalatal and Maxillary Swing Approach Excision by Le Fort I Osteotomy Approach -- Excision by Lateral Skull Base Approach -- Combined Neurosurgical and Craniofacial Approach for Large Intracranial Tumor -- Radiation Therapy -- Adjuvant Chemotherapy and Hormonal Therapy -- Part IV Other Issues -- Recurrence of Tumor - Its Prevention and Management -- Extranasopharyngeal Angiofibroma -- Remaining Controversies in Nasopharyngeal Angiofibroma. .
520 _aThis book provides a comprehensive up-to-date review of juvenile angiofibroma, with contributions from all relevant specialties. Starting with a brief introduction to the history, etiology and relevant anatomy, the book goes on to discuss the pathology, clinical features and treatment of this disease in depth, concluding with a summary of current controversies. Juvenile Angiofibroma is aimed at a global audience of otolaryngologists, endoscopists, head and neck surgeons, maxillofacial surgeons, pathologists, radiologists and geneticists.
650 0 _aOtolaryngologic surgery.
650 0 _aPathology.
650 1 4 _aHead and Neck Surgery.
_0http://scigraph.springernature.com/things/product-market-codes/H46015
650 2 4 _aPathology.
_0http://scigraph.springernature.com/things/product-market-codes/H4800X
700 1 _aDubey, Siba P.
_eeditor.
_4edt
_4http://id.loc.gov/vocabulary/relators/edt
700 1 _aSchick, Bernhard.
_eeditor.
_4edt
_4http://id.loc.gov/vocabulary/relators/edt
710 2 _aSpringerLink (Online service)
773 0 _tSpringer eBooks
776 0 8 _iPrinted edition:
_z9783319453415
776 0 8 _iPrinted edition:
_z9783319453422
856 4 0 _uhttps://doi.org/10.1007/978-3-319-45343-9
912 _aZDB-2-SME
999 _c446038
_d446038
942 _cEB
506 _aAvailable to subscribing member institutions only. Доступно лише організаціям членам підписки.
506 _fOnline access from local network of NaUOA.
506 _fOnline access with authorization at https://link.springer.com/
506 _fОнлайн-доступ з локальної мережі НаУОА.
506 _fОнлайн доступ з авторизацією на https://link.springer.com/